000 00720nam a2200253Ia 4500
003 OSt
005 20221007074759.0
006 a|||||r|||| 00| 0
007 ta
008 221006b |||||||| |||| 00| 0 eng d
024 _a4,078
037 _cReference Collections
040 _aFLL
_cFLL
_beng
041 _2eng
_aeng
082 _aZ2,583, N6
100 _aJaibhave D.T. Au.
_9693110
245 0 _aPleading conveyancing and advocacy
250 _a1st
260 _aNasik
_bVishal Book Centre India
_c1996
300 _a1438p
_ccm.
700 _a Jaibhave J.D. Au.
_9693111
942 _hZ2,583, N6
_cREF
_2CC
999 _c1153646
_d1153646